[Event "Aut_chT_0910"]
[Site "Baden"]
[Date "2010.03.28"]
[Round "9"]
[Board "3"]
[White "Platzgummer, Fabian"]
[Black "Schlosser, Philipp"]
[Result "0-1"]
[WhiteElo "2401"]
[BlackElo "2557"]
[PlyCount "46"]
[EventDate "2009.11.06"]
[EventType "team"]
[EventRounds "11"]
[EventCountry "AUT"]
[WhiteTeam "Mayrhofen/Zillertal"]
[BlackTeam "Sparkasse Jenbach"]

1.e4 e5 2.Nf3 Nc6 3.Bb5 a6 4.Ba4 Nf6 5.d4 exd4 6.O-O Be7 7.e5 Ne4 8.Re1 Nc5
9.Bxc6 dxc6 10.Nxd4 O-O 11.Nc3 f5 12.exf6 Bxf6 13.Be3 Ne6 14.Nb3 b6 15.Qe2 Bxc3
16.bxc3 c5 17.Nd2 Bb7 18.Qg4 Rf6 19.f3 Rg6 20.Qf5 Qd7 21.Kf1 Qd6 22.h3 Rf8
23.Qd3 Qh2

[Event "Aut_chT_0910"]
[Site "Baden"]
[Date "2010.03.28"]
[Round "9"]
[Board "4"]
[White "Acs, Peter"]
[Black "Hausner, Ivan"]
[Result "1-0"]
[WhiteElo "2538"]
[BlackElo "2460"]
[PlyCount "65"]
[EventDate "2009.11.06"]
[EventType "team"]
[EventRounds "11"]
[EventCountry "AUT"]
[WhiteTeam "Sparkasse Jenbach"]
[BlackTeam "Mayrhofen/Zillertal"]

1.e4 e6 2.d4 d5 3.e5 c5 4.c3 Qb6 5.Nf3 Bd7 6.a3 Bb5 7.c4 Bxc4 8.Bxc4 dxc4 9.d5
Ne7 10.dxe6 Qxe6 11.Nc3 Qd7 12.Bg5 h6 13.Bxe7 Bxe7 14.Qe2 Qe6 15.Rd1 O-O 16.Nd5
Bd8 17.O-O Nc6 18.Qe4 Re8 19.Nf4 Qc8 20.Rfe1 Bf6 21.Rd5 Nd8 22.Qxc4 Be7 23.Red1
Ne6 24.Rd7 b5 25.Qe4 Nxf4 26.Qxf4 Qc6 27.R1d6 Qc8 28.e6 fxe6 29.Ne5 Bf6 30.Ng4
Rf8 31.Nxh6+ gxh6 32.Qg4+ Bg5 33.Qxe6+

[Event "Aut_chT_0910"]
[Site "Baden"]
[Date "2010.03.28"]
[Round "9"]
[Board "5"]
[White "Tabernig, Bernhard"]
[Black "Boensch, Uwe"]
[Result "1/2-1/2"]
[WhiteElo "2293"]
[BlackElo "2511"]
[PlyCount "125"]
[EventDate "2009.11.06"]
[EventType "team"]
[EventRounds "11"]
[EventCountry "AUT"]
[WhiteTeam "Mayrhofen/Zillertal"]
[BlackTeam "Sparkasse Jenbach"]

1.d4 Nf6 2.c4 e6 3.Nc3 d5 4.cxd5 exd5 5.Bg5 c6 6.e3 Be7 7.Qc2 Nbd7 8.Bd3 Nh5
9.Bxe7 Qxe7 10.Nge2 g6 11.O-O-O Nb6 12.Kb1 Ng7 13.Ng3 Be6 14.Na4 Nxa4 15.Qxa4
O-O 16.h4 h5 17.Rc1 Rfc8 18.f3 a5 19.Qc2 b6 20.e4 Qb4 21.Ne2 a4 22.a3 Qd6 23.e5
Qd7 24.Nf4 c5 25.g4 c4 26.Be2 b5 27.Qd2 b4 28.Qxb4 Rab8 29.Qd2 Rb6 30.Ka1 Rcb8
31.Rc2 Rb3 32.Rg1 Qb7 33.Qc1 Qb6 34.Rd1 Qd8 35.gxh5 Bf5 36.hxg6 fxg6 37.Nxd5
Bxc2 38.Nf6+ Kf8 39.Qxc2 Nf5 40.Qxc4 Kg7 41.Rd2 Qa5 42.Ne4 Qb6 43.Qc5 Rxb2
44.Qxb6 R2xb6 45.d5 Nd4 46.Bd1 Nb3+ 47.Bxb3 Rxb3 48.Ka2 Rxf3 49.Nc5 Rc3 50.Nxa4
Rc4 51.Nb2 Rxh4 52.d6 Kf7 53.Nd3 Rd4 54.Rf2+ Ke6 55.Nc5+ Kd5 56.Rc2 Ra8 57.Nd7
Ke6 58.Nb6 Rb8 59.Rc6 Rd2+ 60.Kb3 Kxe5 61.Kc3 Rxb6 62.Rxb6 Rxd6 63.Rxd6

[Event "Aut_chT_0910"]
[Site "Baden"]
[Date "2010.03.28"]
[Round "9"]
[Board "6"]
[White "Lehner, Oliver"]
[Black "Schiestl, Josef"]
[Result "1-0"]
[WhiteElo "2407"]
[BlackElo "2118"]
[PlyCount "64"]
[EventDate "2009.11.06"]
[EventType "team"]
[EventRounds "11"]
[EventCountry "AUT"]
[WhiteTeam "Sparkasse Jenbach"]
[BlackTeam "Mayrhofen/Zillertal"]

1.c4 Nf6 2.Nc3 g6 3.e4 d6 4.d4 Bg7 5.Nge2 O-O 6.Ng3 e5 7.d5 a5 8.Be2 Na6 9.Bg5
h6 10.Be3 Nc5 11.Qd2 Kh7 12.h4 h5 13.f3 Ng8 14.Nf1 Bh6 15.g4 Bxe3 16.Nxe3 Nf6
17.O-O-O Kg7 18.Rdg1 Rh8 19.g5 Nh7 20.Nf1 Bd7 21.Ng3 Qe7 22.Rf1 Raf8 23.Rhg1 f6
24.gxf6+ Nxf6 25.Qg5 Qe8 26.f4 Bg4 27.f5 Rh6 28.Bxg4 hxg4 29.Kc2 Kh7 30.Rf2 gxf5
31.Rxf5 Qg6 32.Rgf1 Ncd7

[Event "Aut_chT_0910"]
[Site "Baden"]
[Date "2010.03.28"]
[Round "9"]
[Board "1"]
[White "Ragger, Markus"]
[Black "Luther, Thomas"]
[Result "1/2-1/2"]
[WhiteElo "2568"]
[BlackElo "2577"]
[PlyCount "86"]
[EventDate "2009.11.06"]
[EventType "team"]
[EventRounds "11"]
[EventCountry "AUT"]
[WhiteTeam "SK Kl.Ztg.MPOE Maria Saal"]
[BlackTeam "Styria Graz"]

1.d4 d5 2.c4 e6 3.Nf3 Nf6 4.Nc3 Bb4 5.cxd5 exd5 6.Bg5 Nbd7 7.e3 c5 8.Be2 Qa5
9.O-O Bxc3 10.bxc3 c4 11.Nd2 Qxc3 12.e4 Qxd4 13.Nxc4 Qxd1 14.Nd6+ Ke7 15.Nf5+
Kf8 16.Rfxd1 Nc5 17.Bxf6 gxf6 18.Rxd5 Bxf5 19.Rxf5 Nxe4 20.Bf3 Re8 21.Rf4 Nc5
22.Rxf6 Kg7 23.Rf5 b6 24.h4 Re6 25.Rd1 Rhe8 26.Kh2 Rf6 27.Rg5+ Kf8 28.Rgd5 Rf4
29.Rh5 Kg7 30.Rd6 Re6 31.Rd8 h6 32.Rc8 Rd6 33.Rc7 a5 34.Re5 Rxh4+ 35.Kg3 Rhd4
36.Ree7 Rd7 37.Rexd7 Rxd7 38.Rc6 Rd2 39.Rxb6 Rxa2 40.Rb5 Ne6 41.Bh5 Ra3+ 42.f3
Rc3 43.Rxa5 Rc5

[Event "Aut_chT_0910"]
[Site "Baden"]
[Date "2010.03.28"]
[Round "9"]
[Board "2"]
[White "Nanu, Ciprian Costica"]
[Black "Pavasovic, Dusko"]
[Result "1/2-1/2"]
[WhiteElo "2506"]
[BlackElo "2574"]
[PlyCount "59"]
[EventDate "2009.11.06"]
[EventType "team"]
[EventRounds "11"]
[EventCountry "AUT"]
[WhiteTeam "Styria Graz"]
[BlackTeam "SK Kl.Ztg.MPOE Maria Saal"]

1.d4 d5 2.c4 e6 3.Nf3 Nf6 4.e3 c6 5.Nbd2 Nbd7 6.Bd3 Bd6 7.O-O O-O 8.e4 e5 9.cxd5
cxd5 10.exd5 exd4 11.Ne4 Nxe4 12.Bxe4 Nf6 13.Bg5 Be7 14.Bc2 Nxd5 15.Bxe7 Qxe7
16.Re1 Qf6 17.Qxd4 Qxd4 18.Nxd4 Rd8 19.Bb3 Kf8 20.Rad1 Nc7 21.h3 Bd7 22.Re3 Be8
23.Rc1 Nd5 24.Rf3 Nf6 25.Rf4 Rac8 26.Re1 Rc5 27.g4 h5 28.f3 Bd7 29.Kf2 Re8
30.Rxe8+

[Event "Aut_chT_0910"]
[Site "Baden"]
[Date "2010.03.28"]
[Round "9"]
[Board "1"]
[White "Kurnosov, Igor"]
[Black "Varga, Zoltan"]
[Result "1-0"]
[WhiteElo "2674"]
[BlackElo "2485"]
[PlyCount "61"]
[EventDate "2009.11.06"]
[EventType "team"]
[EventRounds "11"]
[EventCountry "AUT"]
[WhiteTeam "SK Sparkasse Fuerstenfeld"]
[BlackTeam "ASVOE SK Lackenbach"]

1.e4 d5 2.exd5 Qxd5 3.Nc3 Qa5 4.d4 c6 5.Nf3 Nf6 6.Bc4 Bf5 7.Bd2 Qb6 8.Qe2 e6
9.O-O-O Nbd7 10.Nh4 Bg6 11.Nxg6 hxg6 12.h4 O-O-O 13.Bg5 Bb4 14.Ne4 Rde8 15.Kb1
Be7 16.Bc1 Nxe4 17.Qxe4 Qa5 18.g3 Nf6 19.Qe2 Qh5 20.Qe1 Bd6 21.Bg5 Qf3 22.Rd3
Qf5 23.f3 Bc7 24.Ra3 e5 25.Bxf7 exd4 26.Bxe8 Rxe8 27.Qd1 Bd6 28.g4 Qe5 29.Rd3
Nd5 30.Rxd4 Ba3 31.Bc1

[Event "Aut_chT_0910"]
[Site "Baden"]
[Date "2010.03.28"]
[Round "9"]
[Board "2"]
[White "Vavrak, Peter"]
[Black "Mikhalevski, Victor"]
[Result "0-1"]
[WhiteElo "2470"]
[BlackElo "2611"]
[PlyCount "64"]
[EventDate "2009.11.06"]
[EventType "team"]
[EventRounds "11"]
[EventCountry "AUT"]
[WhiteTeam "ASVOE SK Lackenbach"]
[BlackTeam "SK Sparkasse Fuerstenfeld"]

1.d4 Nf6 2.c4 g6 3.g3 c5 4.d5 b5 5.Bg2 d6 6.e4 bxc4 7.Qa4+ Nbd7 8.Bd2 Qb6 9.Bc3
Bg7 10.Nd2 O-O 11.Nxc4 Qa6 12.Qxa6 Bxa6 13.Na5 Ng4 14.Bxg7 Kxg7 15.f3 Nge5
16.Ne2 Nd3+ 17.Kd2 Nxb2 18.Rhb1 Rfb8 19.Nc6 Rb6 20.Nc1 e6 21.Kc3 Na4+ 22.Kd2
exd5 23.exd5 Nf6 24.f4 Nb2 25.Na5 Re8 26.Bf3 Nc4+ 27.Nxc4 Bxc4 28.Rxb6 axb6
29.Rb1 b5 30.Be2 Bxe2 31.Nxe2 Nxd5 32.Rxb5 Rxe2+

[Event "Aut_chT_0910"]
[Site "Baden"]
[Date "2010.03.28"]
[Round "9"]
[Board "3"]
[White "Pinter, Jozsef"]
[Black "Bokros, Albert"]
[Result "1/2-1/2"]
[WhiteElo "2570"]
[BlackElo "2479"]
[PlyCount "61"]
[EventDate "2009.11.06"]
[EventType "team"]
[EventRounds "11"]
[EventCountry "AUT"]
[WhiteTeam "SK Sparkasse Fuerstenfeld"]
[BlackTeam "ASVOE SK Lackenbach"]

1.d4 Nf6 2.c4 e6 3.Nf3 b6 4.g3 Bb7 5.Bg2 Be7 6.O-O O-O 7.Nc3 Ne4 8.Nxe4 Bxe4
9.Ne1 Bxg2 10.Nxg2 d5 11.Qa4 Qe8 12.Qxe8 Rxe8 13.cxd5 exd5 14.Rd1 Nd7 15.Bf4
Rac8 16.Rac1 c6 17.Kf1 Bf6 18.h4 h6 19.b3 Be7 20.Rc2 Ba3 21.Bc1 Bd6 22.Bf4 Ba3
23.Bc1 Bf8 24.Bf4 Nf6 25.Bc1 Bd6 26.Bf4 Bf8 27.Rdc1 Ba3 28.Rd1 Bf8 29.Rdc1 Ba3
30.Rd1 Bf8 31.Rdc1

[Event "Aut_chT_0910"]
[Site "Baden"]
[Date "2010.03.28"]
[Round "9"]
[Board "4"]
[White "Hagara, Eduard"]
[Black "Kilgus, Georg"]
[Result "1/2-1/2"]
[WhiteElo "2383"]
[BlackElo "2384"]
[PlyCount "80"]
[EventDate "2009.11.06"]
[EventType "team"]
[EventRounds "11"]
[EventCountry "AUT"]
[WhiteTeam "ASVOE SK Lackenbach"]
[BlackTeam "SK Sparkasse Fuerstenfeld"]

1.e4 e5 2.Nf3 Nc6 3.Bb5 a6 4.Bxc6 dxc6 5.O-O Bd6 6.d4 exd4 7.Qxd4 f6 8.Be3 Ne7
9.Nbd2 Be6 10.a3 Ng6 11.Rad1 Qe7 12.Nc4 Bxc4 13.Qxc4 O-O-O 14.Rfe1 Rhe8 15.Bd4
Qe6 16.Qxe6+ Rxe6 17.g3 c5 18.Bc3 b5 19.b3 Rde8 20.Nd2 Ne5 21.Ra1 Nc6 22.f4 Nd4
23.Bxd4 cxd4 24.Kf2 Kb7 25.Ke2 c5 26.Kd3 g5 27.f5 R6e7 28.a4 Bc7 29.axb5 axb5
30.Nf3 Bb6 31.Nd2 h5 32.Re2 g4 33.h3 Bc7 34.hxg4 hxg4 35.Rh1 Bxg3 36.Rg2 Bf4
37.Rxg4 Bxd2 38.Kxd2 Rxe4 39.Rxe4 Rxe4 40.Rh6 Kc6

[Event "Aut_chT_0910"]
[Site "Baden"]
[Date "2010.03.28"]
[Round "9"]
[Board "5"]
[White "Kuba, Guenter"]
[Black "Ranits, Franz"]
[Result "1-0"]
[WhiteElo "2395"]
[BlackElo "2164"]
[PlyCount "71"]
[EventDate "2009.11.06"]
[EventType "team"]
[EventRounds "11"]
[EventCountry "AUT"]
[WhiteTeam "SK Sparkasse Fuerstenfeld"]
[BlackTeam "ASVOE SK Lackenbach"]

1.e4 Nf6 2.e5 Nd5 3.d4 d6 4.c4 Nb6 5.exd6 exd6 6.Nc3 Be7 7.Bd3 Nc6 8.Nge2 Bg4
9.f3 Bh5 10.O-O Bg6 11.Bxg6 hxg6 12.d5 Ne5 13.b3 Bf6 14.Be3 Nbd7 15.Ne4 Be7
16.Bd4 Nf6 17.Nf2 Qd7 18.a4 Qf5 19.f4 Neg4 20.Nxg4 Qxg4 21.Rf3 O-O 22.h3 Qd7
23.f5 gxf5 24.Ng3 g6 25.Nxf5 gxf5 26.Rg3+ Ng4 27.hxg4 f4 28.Rh3 f6 29.Qf3 Rf7
30.Qxf4 Rg7 31.Re1 Rf8 32.Re6 Rff7 33.Qf5 Qd8 34.g5 fxg5 35.Rh8+ Kxh8 36.Qxf7

[Event "Aut_chT_0910"]
[Site "Baden"]
[Date "2010.03.28"]
[Round "9"]
[Board "1"]
[White "Kuthan, Andreas"]
[Black "Polzin, Rainer"]
[Result "0-1"]
[WhiteElo "2220"]
[BlackElo "2473"]
[PlyCount "64"]
[EventDate "2009.11.06"]
[EventType "team"]
[EventRounds "11"]
[EventCountry "AUT"]
[WhiteTeam "ASVOE Pamhagen"]
[BlackTeam "ASVOE Wulkaprodersdorf"]

1.d4 Nf6 2.c4 g6 3.Nc3 Bg7 4.e4 d6 5.f3 O-O 6.Be3 b6 7.Bd3 a6 8.Nge2 c5 9.e5
Nfd7 10.exd6 exd6 11.O-O Nc6 12.Bc2 Nf6 13.Qd2 Bb7 14.Rad1 cxd4 15.Nxd4 Ne5
16.b3 d5 17.Bh6 Rc8 18.Rfe1 Bxh6 19.Qxh6 Re8 20.Nxd5 Nxd5 21.cxd5 Bxd5 22.Be4
Ng4 23.Qf4 Nf6 24.Bxd5 Nxd5 25.Rxe8+ Qxe8 26.Qd2 Qe5 27.Re1 Qf6 28.Nc2 Nf4
29.Ne3 Rd8 30.Qc2 Qd4 31.Kh1 Re8 32.Qb1 Rxe3

[Event "Aut_chT_0910"]
[Site "Baden"]
[Date "2010.03.28"]
[Round "9"]
[Board "3"]
[White "Vitouch, Anatol"]
[Black "Likavsky, Tomas"]
[Result "0-1"]
[WhiteElo "2288"]
[BlackElo "2476"]
[PlyCount "118"]
[EventDate "2009.11.06"]
[EventType "team"]
[EventRounds "11"]
[EventCountry "AUT"]
[WhiteTeam "ASVOE Pamhagen"]
[BlackTeam "ASVOE Wulkaprodersdorf"]

1.Nf3 c5 2.g3 Nc6 3.c4 g6 4.Bg2 Bg7 5.Nc3 Nh6 6.d4 cxd4 7.Nxd4 Nxd4 8.Bxh6 Bxh6
9.Qxd4 O-O 10.O-O Bg7 11.Qd3 d6 12.Rfd1 Be6 13.Nd5 Rc8 14.Rac1 Bxb2 15.Rb1 Bxd5
16.Qxd5 Ba3 17.Rxb7 Bc5 18.Qg5 Rc7 19.Rxc7 Qxc7 20.Rb1 Rb8 21.Rb3 e6 22.Rxb8+
Qxb8 23.Qc1 Qb4 24.Be4 a5 25.Bd3 a4 26.e3 a3 27.Kf1 h5 28.h4 Kf8 29.Ke2 Ke7
30.Qd2 Qb7 31.Bc2 Qb2 32.Bd3 Qa1 33.Qc2 Bb4 34.Qb1 Qc3 35.Kf3 f5 36.Qc2 Qb2
37.Qxb2 axb2 38.Ke2 e5 39.f3 Kf6 40.Bc2 g5 41.g4 gxh4 42.gxf5 h3 43.Kf2 Bc5
44.Kg3 Bxe3 45.Kxh3 Kg5 46.a4 Bd2 47.Kg3 Ba5 48.f6 Be1+ 49.Kh3 Kxf6 50.a5 Bxa5
51.Kh4 Ke6 52.Be4 Kd7 53.Kxh5 Kc7 54.Kg5 Kb6 55.Kf5 Kc5 56.Ke6 Bb4 57.Kd7 Kxc4
58.Kc6 Bc5 59.Bb1 Kc3

[Event "Aut_chT_0910"]
[Site "Baden"]
[Date "2010.03.28"]
[Round "9"]
[Board "4"]
[White "Schweda, Roland"]
[Black "Lovrinovic, Christian"]
[Result "1-0"]
[WhiteElo "2432"]
[BlackElo "2247"]
[PlyCount "107"]
[EventDate "2009.11.06"]
[EventType "team"]
[EventRounds "11"]
[EventCountry "AUT"]
[WhiteTeam "ASVOE Wulkaprodersdorf"]
[BlackTeam "ASVOE Pamhagen"]

1.d4 Nf6 2.Nd2 d5 3.Ngf3 Nbd7 4.g3 e6 5.Bg2 Bd6 6.O-O c6 7.Re1 O-O 8.e4 dxe4
9.Nxe4 Nxe4 10.Rxe4 Nf6 11.Re1 Nd5 12.c4 Ne7 13.Bd2 b6 14.Qc2 h6 15.Rad1 Bb7
16.Bc3 Re8 17.b3 Ng6 18.h4 Qc7 19.Qb2 Bf8 20.c5 Ne7 21.Ne5 Rad8 22.b4 Nd5 23.Bd2
Be7 24.Rc1 b5 25.h5 Bf6 26.f4 Bxe5 27.Rxe5 Qd7 28.Rd1 Nf6 29.Bc1 Ng4 30.Ree1 f5
31.Bf3 Qf7 32.Bxg4 fxg4 33.Re5 Rd5 34.Qe2 Rxe5 35.dxe5 Qxh5 36.Rd6 Qf5 37.Bd2 h5
38.Kf2 Rf8 39.Kg2 Rf7 40.Qe3 Kh7 41.Qd4 Re7 42.Rd8 Rf7 43.a3 Kg6 44.Kf2 Kh7
45.Ke2 Kg6 46.Ke3 Kh7 47.Qe4 Qxe4+ 48.Kxe4 Re7 49.f5 exf5+ 50.Kxf5 h4 51.gxh4 g3
52.e6 g2 53.Be3 Rc7 54.Rd7

[Event "Aut_chT_0910"]
[Site "Baden"]
[Date "2010.03.28"]
[Round "9"]
[Board "5"]
[White "Nolz, Tom"]
[Black "Volkmann, Friedrich Karl"]
[Result "1-0"]
[WhiteElo "2056"]
[BlackElo "2404"]
[PlyCount "73"]
[EventDate "2009.11.06"]
[EventType "team"]
[EventRounds "11"]
[EventCountry "AUT"]
[WhiteTeam "ASVOE Pamhagen"]
[BlackTeam "ASVOE Wulkaprodersdorf"]

1.e4 Nf6 2.e5 Nd5 3.d4 d6 4.Nf3 Bg4 5.Be2 e6 6.c4 Nb6 7.h3 Bh5 8.exd6 cxd6 9.d5
e5 10.g4 Bg6 11.h4 N8d7 12.Nc3 h5 13.g5 Rc8 14.b3 Nc5 15.Be3 Ne4 16.Nxe4 Bxe4
17.Bd3 Bxd3 18.Qxd3 g6 19.Nd2 Bg7 20.Ne4 O-O 21.Rg1 Kh8 22.Rg3 Qc7 23.Rf3 Nd7
24.Rf6 Bxf6 25.gxf6 a6 26.Qd2 Qd8 27.Bb6 Nxf6 28.Bxd8 Nxe4 29.Qe3 Rcxd8 30.Qxe4
f5 31.Qe3 Kh7 32.Qb6 Rd7 33.Rc1 e4 34.c5 dxc5 35.Rxc5 Kg7 36.Rc7 Rff7 37.Rxd7

[Event "Aut_chT_0910"]
[Site "Baden"]
[Date "2010.03.28"]
[Round "9"]
[Board "6"]
[White "Kopinits, Anna-Christina"]
[Black "Bozinovic, Boban"]
[Result "1/2-1/2"]
[WhiteElo "2213"]
[BlackElo "2086"]
[PlyCount "61"]
[EventDate "2009.11.06"]
[EventType "team"]
[EventRounds "11"]
[EventCountry "AUT"]
[WhiteTeam "ASVOE Wulkaprodersdorf"]
[BlackTeam "ASVOE Pamhagen"]

1.e4 c5 2.Nf3 d6 3.d4 cxd4 4.Nxd4 Nf6 5.Nc3 g6 6.Be2 Bg7 7.Nb3 O-O 8.O-O Nc6
9.Re1 Be6 10.Bf1 d5 11.Nc5 dxe4 12.Qxd8 Rfxd8 13.Nxe6 fxe6 14.Bg5 Nd4 15.Rac1
Rac8 16.Red1 Kf7 17.a4 a6 18.Rd2 Nd5 19.Rb1 Rd7 20.Nxe4 Rxc2 21.Rxc2 Nxc2 22.b3
h6 23.Bh4 Bd4 24.Bg3 e5 25.Bc4 e6 26.Rc1 Ncb4 27.Kf1 Nc6 28.Nd2 Na5 29.Nf3 Kf6
30.Re1 Nc6 31.h3

[Event "Aut_chT_0910"]
[Site "Baden"]
[Date "2010.03.29"]
[Round "10"]
[Board "5"]
[White "Kunin, Vitaly"]
[Black "Schweda, Roland"]
[Result "1-0"]
[WhiteElo "2563"]
[BlackElo "2432"]
[PlyCount "104"]
[EventDate "2009.11.06"]
[EventType "team"]
[EventRounds "11"]
[EventCountry "AUT"]
[WhiteTeam "Holz Dohr"]
[BlackTeam "ASVOE Wulkaprodersdorf"]

1.d4 Nf6 2.c4 d6 3.Nc3 Nbd7 4.Nf3 e5 5.g3 Be7 6.Bg2 O-O 7.O-O c6 8.Qc2 Re8 9.Rd1
Bf8 10.b3 a6 11.Ne1 Qc7 12.Bb2 Rb8 13.Rac1 b6 14.e3 Bb7 15.h3 Rbd8 16.g4 h6
17.Ne2 Qb8 18.Ng3 g6 19.Rd2 Bg7 20.Rcd1 d5 21.cxd5 Nxd5 22.dxe5 Nxe5 23.Bxd5
cxd5 24.Bd4 Qd6 25.Qb2 Bf8 26.Rc2 Nd7 27.Nd3 Rc8 28.Rdc1 Rxc2 29.Rxc2 Rc8
30.Rxc8 Bxc8 31.Qc2 Bb7 32.b4 Qc6 33.Qd2 Qa4 34.h4 Qc6 35.h5 Qe6 36.Qe2 Bd6
37.f4 Qe7 38.a3 Bc6 39.hxg6 fxg6 40.Nf2 Bb7 41.Qc2 Kf7 42.Kg2 Qh4 43.Qe2 Nf6
44.Qf3 a5 45.bxa5 bxa5 46.a4 Bc6 47.Qd1 Ba8 48.Qe2 Ne8 49.Qa6 Qd8 50.f5 Nf6
51.fxg6+ Kxg6 52.Nf5 Nxg4

[Event "Aut_chT_0910"]
[Site "Baden"]
[Date "2010.03.29"]
[Round "10"]
[Board "6"]
[White "Volkmann, Friedrich Karl"]
[Black "Kosten, Anthony C."]
[Result "1/2-1/2"]
[WhiteElo "2404"]
[BlackElo "2506"]
[PlyCount "72"]
[EventDate "2009.11.06"]
[EventType "team"]
[EventRounds "11"]
[EventCountry "AUT"]
[WhiteTeam "ASVOE Wulkaprodersdorf"]
[BlackTeam "Holz Dohr"]

1.e4 e5 2.Nf3 Nc6 3.Nc3 Nf6 4.Bb5 Bd6 5.d3 a6 6.Ba4 b5 7.Bb3 O-O 8.O-O Bb7 9.a4
b4 10.Nd5 Na5 11.Ne3 Re8 12.Ba2 h6 13.Nf5 Bf8 14.Re1 d5 15.exd5 Bxd5 16.Bxd5
Qxd5 17.b3 e4 18.dxe4 Rxe4 19.Ne3 Qxd1 20.Rxd1 Bc5 21.Kf1 Rae8 22.Rd3 Nc6 23.Bd2
Nd4 24.Nxd4 Rxd4 25.Rxd4 Bxd4 26.Rd1 Bc5 27.Bc1 Ne4 28.Rd3 g6 29.f3 Nf6 30.Nd5
Nxd5 31.Rxd5 Bf8 32.Bf4 c5 33.Re5 Rc8 34.Re4 g5 35.Be3 f5 36.Re6 c4

[Event "Aut_chT_0910"]
[Site "Baden"]
[Date "2010.03.29"]
[Round "10"]
[Board "1"]
[White "Varga, Zoltan"]
[Black "Kuthan, Andreas"]
[Result "1-0"]
[WhiteElo "2485"]
[BlackElo "2220"]
[PlyCount "63"]
[EventDate "2009.11.06"]
[EventType "team"]
[EventRounds "11"]
[EventCountry "AUT"]
[WhiteTeam "ASVOE SK Lackenbach"]
[BlackTeam "ASVOE Pamhagen"]

1.d4 Nf6 2.c4 g6 3.Nc3 Bg7 4.e4 O-O 5.f3 Nc6 6.d5 Nb4 7.Be3 d6 8.Qd2 c6 9.Nge2
Bd7 10.Nf4 Rc8 11.Be2 Qc7 12.O-O Qb8 13.Rac1 cxd5 14.exd5 Na6 15.Rfe1 Rfe8
16.Bf1 b6 17.b3 Qb7 18.Nfe2 Nb8 19.Nd4 Rc7 20.Bf2 Bc8 21.Ndb5 Rd7 22.b4 a6
23.Nd4 Rc7 24.a4 Bd7 25.Rb1 Qc8 26.b5 axb5 27.axb5 Rxc4 28.Bxc4 Qxc4 29.Nc6 Ng4
30.fxg4 Bxc3 31.Qc2 Bxg4 32.Rbc1

[Event "Aut_chT_0910"]
[Site "Baden"]
[Date "2010.03.29"]
[Round "10"]
[Board "2"]
[White "Vitouch, Anatol"]
[Black "Vavrak, Peter"]
[Result "0-1"]
[WhiteElo "2288"]
[BlackElo "2470"]
[PlyCount "80"]
[EventDate "2009.11.06"]
[EventType "team"]
[EventRounds "11"]
[EventCountry "AUT"]
[WhiteTeam "ASVOE Pamhagen"]
[BlackTeam "ASVOE SK Lackenbach"]

1.Nf3 c5 2.g3 Nc6 3.c4 g6 4.Bg2 Bg7 5.Nc3 e6 6.d3 Nge7 7.Bg5 h6 8.Bd2 d5 9.O-O
O-O 10.a3 b6 11.Rb1 a5 12.Qc1 Kh7 13.Nb5 Ba6 14.b3 Rc8 15.Bc3 e5 16.Qb2 d4
17.Bd2 Qd7 18.Qc1 f5 19.Ne1 Nd8 20.a4 Bb7 21.e4 dxe3 22.Bxe3 f4 23.gxf4 Nf5
24.Bxb7 Nxb7 25.Ng2 Rce8 26.Qd1 Nd8 27.Qg4 Ne6 28.Rbd1 exf4 29.Bxf4 Nfd4 30.Rde1
h5 31.Qh3 Qc6 32.Nxd4 Nxd4 33.Rxe8 Qxe8 34.Re1 Qc6 35.Re4 Nxb3 36.Be3 Qxa4
37.Nf4 Nd4 38.Bxd4 Bxd4 39.Nxh5 Qd1+ 40.Kg2 Rxf2+

[Event "Aut_chT_0910"]
[Site "Baden"]
[Date "2010.03.29"]
[Round "10"]
[Board "3"]
[White "Bokros, Albert"]
[Black "Lovrinovic, Christian"]
[Result "1-0"]
[WhiteElo "2479"]
[BlackElo "2247"]
[PlyCount "81"]
[EventDate "2009.11.06"]
[EventType "team"]
[EventRounds "11"]
[EventCountry "AUT"]
[WhiteTeam "ASVOE SK Lackenbach"]
[BlackTeam "ASVOE Pamhagen"]

1.e4 c5 2.Nf3 d6 3.d4 cxd4 4.Qxd4 Nc6 5.Bb5 Bd7 6.Bxc6 Bxc6 7.Nc3 Nf6 8.Bg5 Qb6
9.Qd3 e6 10.Bxf6 gxf6 11.Nd4 Bd7 12.O-O-O a6 13.f4 O-O-O 14.Qh3 h5 15.Qh4 Bg7
16.Rd3 Kb8 17.Rhd1 Bc8 18.Kb1 Ka8 19.a4 Bd7 20.Nb3 Be8 21.Rg3 Rh7 22.f5 Rc8
23.Rgd3 Qc7 24.Rxd6 Bf8 25.R6d3 Be7 26.Qh3 Rg7 27.g3 Rg5 28.Nd4 e5 29.Nd5 Qc5
30.Rc3 exd4 31.Rxc5 Bxc5 32.Nxf6 Bxa4 33.b3 Bc6 34.Qh4 Rg7 35.Qxh5 Be7 36.Qh6
Bxf6 37.Qxf6 Rh7 38.h4 Bxe4 39.Rxd4 Bxc2+ 40.Kb2 Rhh8 41.Rc4

[Event "Aut_chT_0910"]
[Site "Baden"]
[Date "2010.03.29"]
[Round "10"]
[Board "4"]
[White "Nolz, Tom"]
[Black "Hagara, Eduard"]
[Result "0-1"]
[WhiteElo "2056"]
[BlackElo "2383"]
[PlyCount "174"]
[EventDate "2009.11.06"]
[EventType "team"]
[EventRounds "11"]
[EventCountry "AUT"]
[WhiteTeam "ASVOE Pamhagen"]
[BlackTeam "ASVOE SK Lackenbach"]

1.e4 c5 2.Nf3 Nc6 3.d4 cxd4 4.Nxd4 Nf6 5.Nc3 e5 6.Ndb5 d6 7.Bg5 a6 8.Na3 b5
9.Nd5 Be7 10.Bxf6 Bxf6 11.c3 O-O 12.Nc2 Rb8 13.g3 Bg5 14.Nce3 b4 15.Bg2 bxc3
16.bxc3 Be6 17.O-O Bxe3 18.Nxe3 Rb2 19.Re1 Qb6 20.Rb1 Bxa2 21.Rxb2 Qxb2 22.Re2
Qb1 23.Qxb1 Bxb1 24.Rb2 Rb8 25.Rxb8+ Nxb8 26.Nc4 Nc6 27.Nxd6 a5 28.f3 a4 29.Nc4
Bd3 30.Bf1 Bxc4 31.Bxc4 Na5 32.Bd5 Kf8 33.Kf2 Ke7 34.Ke3 f6 35.Kd3 Kd6 36.Bg8 h6
37.Bf7 Kc5 38.Bg8 Nb7 39.Ba2 Nd6 40.Be6 g6 41.h4 f5 42.exf5 Nxf5 43.Bf7 a3
44.Kc2 Nxg3 45.Bxg6 Ne2 46.Kb3 a2 47.Kxa2 Nxc3+ 48.Kb3 Ne2 49.Kc2 Nd4+ 50.Kd3
Nxf3 51.h5 Ng5 52.Ke3 Kd5 53.Bc2 Ke6 54.Bd3 Kd5 55.Bb1 Kd6 56.Bc2 Ke7 57.Bb3 Kf6
58.Bc2 Ne6 59.Bd1 Nc5 60.Bc2 Kg5 61.Bd1 Kf5 62.Bc2+ Kg4 63.Bd1+ Kg5 64.Be2 Na4
65.Bf3 Nc3 66.Kd3 Kf4 67.Bc6 Nd1 68.Ke2 Nc3+ 69.Kd3 Nd1 70.Ke2 Ne3 71.Bd7 Nf5
72.Be8 e4 73.Bf7 Nd4+ 74.Ke1 Ke5 75.Kf2 Ne6 76.Ke3 Nd4 77.Be8 Nf5+ 78.Ke2 Kf4
79.Bf7 Nd4+ 80.Kf2 Nf5 81.Be8 e3+ 82.Ke1 Nd4 83.Bf7 Ke4 84.Bg6+ Kf3 85.Bd3 e2
86.Bh7 Ke3 87.Be4 Nf3+

[Event "Aut_chT_0910"]
[Site "Baden"]
[Date "2010.03.29"]
[Round "10"]
[Board "5"]
[White "Krpelan, Wolfgang"]
[Black "Bozinovic, Boban"]
[Result "1/2-1/2"]
[WhiteElo "2272"]
[BlackElo "2086"]
[PlyCount "60"]
[EventDate "2009.11.06"]
[EventType "team"]
[EventRounds "11"]
[EventCountry "AUT"]
[WhiteTeam "ASVOE SK Lackenbach"]
[BlackTeam "ASVOE Pamhagen"]

1.d4 Nf6 2.c3 d5 3.Bg5 c6 4.Nd2 Bf5 5.Bxf6 exf6 6.Ngf3 Bd6 7.e3 O-O 8.Nh4 Bg6
9.g3 Re8 10.Nxg6 hxg6 11.Bd3 Nd7 12.h4 Qc7 13.Qf3 f5 14.h5 Nf6 15.hxg6 fxg6
16.O-O-O Ne4 17.Qg2 Qa5 18.Bxe4 dxe4 19.Nc4 Qd5 20.Nxd6 Qxd6 21.Kb1 b5 22.Qf1
Qd5 23.c4 bxc4 24.Rc1 c5 25.Qxc4 Qxc4 26.Rxc4 cxd4 27.Rxd4 Re7 28.Rhd1 Rb8
29.Rd7 Rb7 30.Rxb7 Rxb7

[Event "Aut_chT_0910"]
[Site "Baden"]
[Date "2010.03.29"]
[Round "10"]
[Board "1"]
[White "Luther, Thomas"]
[Black "Kurnosov, Igor"]
[Result "1/2-1/2"]
[WhiteElo "2577"]
[BlackElo "2674"]
[PlyCount "44"]
[EventDate "2009.11.06"]
[EventType "team"]
[EventRounds "11"]
[EventCountry "AUT"]
[WhiteTeam "Styria Graz"]
[BlackTeam "SK Sparkasse Fuerstenfeld"]

1.e4 c5 2.Nf3 d6 3.d4 cxd4 4.Nxd4 Nf6 5.Nc3 a6 6.Bg5 e6 7.f4 Qb6 8.Qd2 Qxb2
9.Rb1 Qa3 10.f5 Nc6 11.fxe6 fxe6 12.Nxc6 bxc6 13.Be2 Be7 14.O-O O-O 15.Rb3 Qc5+
16.Be3 Qe5 17.Bd4 Qa5 18.Bb6 Qe5 19.Bd4 Qa5 20.Bb6 Qe5 21.Bd4 Qa5 22.Bb6 Qe5